000
00339nam a2200145Ia 4500
008
150201s1998 xx 000 0 und d
082
_a
616.57
_b
A1998H
100
_a
HIGASHI
245
_a
ATLAS OF ORAL DIAGNOSIS IMAGING
250
_a
1ST
260
_b
AIPD
_a
DELHI
_c
1998
300
_a
1-270
650
_a
ORAL MEDICINE
942
_2
ddc
_c
BK
999
_c
4690
_d
4690